Suomen kaupungit Visa #4 - Statistics

Yleistilastot
  • Tätä visaa on pelattu 14 kertaa
  • Keskiarvotulos 3 / 5
Vastaustilastot
Perustamisvuosi Kaupunki % Oikein
1605 Oulu
92%
1380 Porvoo
92%
1639 Hämeenlinna
67%
1785 Kaskinen
42%
1649 Raahe
42%
Ehtoja vastaavia visoja ei löytynyt
Tulosjakauma
Jokaisen tuloksen saaneiden osuus
Persentiili vastausten määrän mukaan
Tuloshistoriasi
Et ole pelannut tätä visaa